书目信息 |
| 题名: |
鲁迅小说形象流变新论
|
|
| 作者: | 蒋永国 著 | |
| 分册: | ||
| 出版信息: | 北京 中国社会科学出版社 2016 |
|
| 页数: | 332页 | |
| 开本: | 24cm | |
| 丛书名: | ||
| 单 册: | ||
| 中图分类: | I210.976 | |
| 科图分类: | ||
| 主题词: | 鲁迅小说--lu xun xiao shuo--人物形象--小说研究 | |
| 电子资源: | ||
| ISBN: | 978-7-5161-8917-7 | |
| 000 | 01096nam0 22002531 450 | |
| 001 | 0124140151 | |
| 005 | 20170324140151.0 | |
| 010 | @a978-7-5161-8917-7@dCNY78.00 | |
| 100 | @a20161202d2016 kemy0chiy50 ea | |
| 101 | 0 | @achi |
| 102 | @aCN@b110000 | |
| 105 | @ay v 000yy | |
| 106 | @ar | |
| 200 | 1 | @a鲁迅小说形象流变新论@9lu xun xiao shuo xing xiang liu bian xin lun@e从中西文化之“个”切入@f蒋永国著 |
| 210 | @a北京@c中国社会科学出版社@d2016 | |
| 215 | @a332页@d24cm | |
| 300 | @a广西师范大学文学院自治区级优势特色重点学科(中国语言文学)建设专项经费资助 | |
| 330 | @a本书从鲁迅与中西文化之“个”的事实关系入手,以鲁迅三部小说集为对象,集中探讨了鲁迅小说人物形象的演变路径,指出《呐喊》是西方文化之“个”的文学彰显,《彷徨》是中西文化之“个”的文学彷徨,而《故事新编》则是中国传统文化之“个”的文学新生。 | |
| 517 | 1 | @a从中西文化之“个”切入@9cong zhong xi wen hua zhi ge qie ru |
| 606 | 0 | @a鲁迅小说@9lu xun xiao shuo@x人物形象@x小说研究 |
| 690 | @aI210.976@v5 | |
| 701 | 0 | @a蒋永国@9jiang yong guo@4著 |
| 801 | 0 | @aCN@bTANGWEI@c20170308 |
| 905 | @b0961931-3@dI210.976@e302@f3 | |
| 鲁迅小说形象流变新论:从中西文化之“个”切入/蒋永国著.-北京:中国社会科学出版社,2016 |
| 332页;24cm |
| 广西师范大学文学院自治区级优势特色重点学科(中国语言文学)建设专项经费资助 |
| ISBN 978-7-5161-8917-7:CNY78.00 |
| 本书从鲁迅与中西文化之“个”的事实关系入手,以鲁迅三部小说集为对象,集中探讨了鲁迅小说人物形象的演变路径,指出《呐喊》是西方文化之“个”的文学彰显,《彷徨》是中西文化之“个”的文学彷徨,而《故事新编》则是中国传统文化之“个”的文学新生。 |
| ● |
| 相关链接 |
|
|
|
|
正题名:鲁迅小说形象流变新论
索取号:I210.976/302
 
预约/预借
| 序号 | 登录号 | 条形码 | 馆藏地/架位号 | 状态 | 备注 |
| 1 | 0961931 | 209619313 | 第一样本阅览室/ [索取号:I210.976/302] | 在馆 | |
| 2 | 0961932 | 209619322 | 第二借阅区/ [索取号:I210.976/302] | 在馆 | |
| 3 | 0961933 | 209619331 | 第二借阅区/ [索取号:I210.976/302] | 在馆 |